000
003210000a22001450004500
003
MACL
040
_a
MACL
090
_c
32003
_d
32001
100
_a
Holzner, Steven
245
_a
Mastering Visual J++
260
_b
BPB Publications
_c
1997
350
_a
450
650
_a
Computer Programming
942
_c
BOOK
_k
005.118/HOL
999
_c
31680
_d
31680